Statistics for Top 20 Red Sox: All-Time Home Run Leaders

Click here to take the quiz!

General Stats

  • This quiz has been taken 104 times
    (52 since last reset)
  • The average score is 13 of 21

Answer Stats

Home Runs Answer % Correct
521Ted Williams
97%
483David Ortiz
97%
274Manny Ramirez
94%
452Carl Yastrzemski
91%
162Carlton Fisk
85%
382Jim Rice
82%
140Dustin Pedroia
79%
379Dwight Evans
76%
139Mookie Betts
70%
230Mo Vaughn
67%
193Jason Varitek
55%
222Jimmie Foxx
55%
178Nomar Garciaparra
55%
223Bobby Doerr
55%
210Rico Petrocelli
42%
149Reggie Smith
36%
162Tony Conigliaro
33%
133Trot Nixon
30%
133Kevin Youkilis
30%
154George Scott
24%
170Jackie Jensen
18%

Score Distribution

Percentile by Number Answered

Percent of People with Each Score

Your Score History

You have not taken this quiz since the last reset